Colonial New Hampshire : a history /

Bibliographic Details
Main Author: Daniell, Jere R.
Format: Book
Language:English
Published: Millwood, N.Y. : KTO Press, 1981.
Series:History of the American colonies.
Subjects:

MARC

Tag First Indicator Second Indicator Subfields
LEADER 00000pam a2200000 a 4500
001 in00000086921
005 20151008064629.0
008 810424s1981 nyuabh b 00110 eng
010 |a  81006046  
020 |a 0527187151 :  |c $25.00 
035 |a (OCoLC)07551789 
035 |9 AAK4521AM 
039 0 |a 2  |b 3  |c 3  |d 3  |e 3 
040 |a DLC  |c DLC  |d TXA  |d UtOrBLW 
043 |a n-us-nh 
049 |a TXAM  |c [1442771] 
050 0 0 |a F37  |b .D25 1981 
082 0 |a 974.2/02  |2 19 
100 1 |a Daniell, Jere R. 
245 1 0 |a Colonial New Hampshire :  |b a history /  |c Jere R. Daniell. 
264 1 |a Millwood, N.Y. :  |b KTO Press,  |c 1981. 
300 |a xvi, 279 pages :  |b illustrations, maps, facsimiles ;  |c 24 cm. 
336 |a text  |b txt  |2 rdacontent 
337 |a unmediated  |b n  |2 rdamedia 
338 |a volume  |b nc  |2 rdacarrier 
490 1 |a A History of the American colonies 
504 |a Includes bibliographical references and index. 
651 0 |a New Hampshire  |x History  |y Colonial period, ca. 1600-1775. 
651 0 |a New Hampshire  |x History  |y Revolution, 1775-1783. 
830 0 |a History of the American colonies. 
999 |a MARS 
999 f f |s f1105279-e536-3db5-9143-7df9ba54ad80  |i 276f1e72-0e70-31b9-bac6-661c8002b9b0  |t 0 
952 f f |p ric  |a Texas A&M University  |b Rellis Campus  |c Joint Library Facility  |d Remote Storage  |t 0  |e F37 .D25 1981  |h Library of Congress classification  |i unmediated -- volume  |m A14806108837 
998 f f |a F37 .D25 1981  |t 0  |l Remote Storage